Most Popular Song in Each of Taylor Swifts Albums - Statistics

General Stats
  • This quiz has been taken 12 times
  • The average score is 8 of 11
Answer Stats
Album Song % Correct
Midnights Anti Hero
100%
Fearless Love Story
100%
1989 Blank Space
80%
Folklore Cardigan
80%
Lover Cruel Summer
80%
The Life of a Showgirl The Fate of Ophelia
80%
Speak Now Enchanted
70%
Evermore Willow
70%
Red All Too Well
60%
Reputation Don't Blame Me
50%
The Tortured Poets Department Fortnight
50%
No matching quizzes found
Score Distribution
Percent of People with Each Score
Percentile by Number Answered
Your Score History
You have not taken this quiz